Portal 2 - Want You Gone Lyrics - Statistics

General Stats
  • This quiz has been taken 10 times
  • The average score is 165 of 196
Answer Stats
Answer % Correct
a
100%
again
100%
are
100%
funny
100%
Go
100%
gone
100%
...gone
100%
here
100%
I
100%
it
100%
kill
100%
me
100%
on
100%
only
100%
to
100%
want
100%
was
100%
we
100%
when
100%
When
100%
you
100%
You
100%
you?
100%
and
88%
as
88%
be
88%
but
88%
counting
88%
did
88%
don't
88%
freedom?
88%
friend
88%
get
88%
Goodbye
88%
got
88%
how
88%
if
88%
I'll
88%
I'm
88%
in
88%
is
88%
It's
88%
laughing
88%
meant
88%
my
88%
need
88%
Now
88%
now
88%
Oh
88%
Oh,
88%
sad
88%
So
88%
so
88%
Take
88%
That
88%
That's
88%
the
88%
think
88%
tried
88%
twice?
88%
used
88%
wasn't
88%
Well
88%
what
88%
your
88%
always
75%
Caroline
75%
day
75%
dead
75%
Except
75%
have
75%
laughed
75%
left
75%
life
75%
little
75%
make
75%
never
75%
nice
75%
Remember
75%
right
75%
shame
75%
short
75%
some
75%
such
75%
they
75%
too
75%
would
75%
anyone
63%
been
63%
could
63%
else's
63%
forever
63%
happen
63%
heavy)
63%
I've
63%
let
63%
like
63%
live
63%
not
63%
One
63%
pleasure
63%
problem
63%
quite
63%
same
63%
She
63%
someone
63%
Under
63%
up
63%
weren't
63%
will
63%
woke
63%
You're
63%
You've
63%
delete
50%
lot
50%
(Maybe
50%
maybe
50%
replaced
50%
bad
38%
circumstances
38%
disaster
38%
feeling
38%
new
38%
shockingly
38%
stop
38%
No matching quizzes found
Score Distribution
Percent of People with Each Score
Percentile by Number Answered
Your Score History
You have not taken this quiz